Qué es hoy la calidad total: el movimiento de la calidad
Guardat en:
| Autor principal: | |
|---|---|
| Format: | Llibre |
| Idioma: | espanyol |
| Publicat: |
Madrid
Deusto
1995
|
| Matèries: | |
| Etiquetes: |
Afegir etiqueta
Sense etiquetes, Sigues el primer a etiquetar aquest registre!
|
MARC
| LEADER | 00000nam a2200000 a 4500 | ||
|---|---|---|---|
| 001 | UCQ5883 | ||
| 003 | CL-VaPUC | ||
| 008 | 981009e19950000SP |||||||||||||||||spa|d | ||
| 082 | 0 | 4 | |a 658.562 |b DRU |2 21 |
| 100 | 0 | |a Drummond, Helga |e author |9 419880 | |
| 245 | 1 | 0 | |a Qué es hoy la calidad total: el movimiento de la calidad |
| 300 | |a 251 p | ||
| 942 | |c BK | ||
| 945 | |d 19981009 00:00:00 |a mvenant | ||
| 260 | |a Madrid |b Deusto |c 1995 | ||
| 650 | 0 | |a Control de calidad |9 259714 | |
| 650 | 0 | |a Calidad total |9 259929 | |
| 650 | 0 | |a Administración |9 259325 | |
| 650 | 0 | |a Gestión |9 260993 | |
| 650 | 0 | |a Aspectos psicológicos |9 258128 | |
| 583 | |a last modification |c 19981009 00:00:00 |k Rodrigo Vera | ||
| 999 | |c 275981 |d 275979 | ||
| 952 | |0 0 |1 0 |4 0 |6 658_562000000000000_DRU_1995 |7 0 |8 A |9 313055 |a BIBEDU |b BIBEDU |d 2019-11-20 |i 3467635 |o 658.562 DRU 1995 |p 3467635 |r 2019-11-20 |w 2019-11-20 |y BK |k PSI | ||
| 952 | |0 0 |1 0 |4 0 |6 658_562000000000000_DRU_1995 |7 0 |8 A |9 313056 |a BIBEDU |b BIBEDU |d 2019-11-20 |i 3467643 |o 658.562 DRU 1995 |p 3467643 |r 2019-11-20 |w 2019-11-20 |y BK |k PSI | ||